Score 0/10 Timer 02:00
0 Plays Today
Clue 5-Letter Word % Correct
Insane☾ CRAZY ★
94.6%
Something you do to a joke or a whipCRACK
87.9%
Suffix to follow auto-, demo-, or pluto--CRACY
79.9%
Speedy, like a bunny (or a dog-jumping fox)QUICK
74.6%
General Motors' oldest auto brandBUICK
73.8%
Co-discoverer of DNA, along with WatsonCRICK
73.6%
Wall component, or a shade of redBRICK
73.6%
A type of padded bed covering♥ QUILT ☯
65.7%
IdiosyncrasyQUIRK
59.9%
A short-handled riding whipQUIRT
52.3%

Today's Daily Dose

Missing Word
'T' Pairs

Word Ladder
Game Pieces

Get the Picture
Baseball Movies

Remove Ads.
Support Sporcle.
Get the best of Sporcle when you Go Orange. This ad-free experience offers more features, more stats, and more fun while also helping to support Sporcle. Thank you for becoming a member.

You're not logged in!

Compare scores with friends on all Sporcle quizzes.
OR
Log In

Show Comments

Extras

Top Quizzes Today


Score Distribution

Your Account Isn't Verified!

In order to create a playlist on Sporcle, you need to verify the email address you used during registration. Go to your Sporcle Settings to finish the process.

Report this User

Report this user for behavior that violates our Community Guidelines.

Details: